Sudden Death - Nachbarländer Israels - Statistiken

Allgemein
  • Dieses Quiz wurde 69 mal gespielt
  • Das Durchschnittsergebnis liegt bei 4 aus 6
Answers on the Grid
Answers color-coded by a green-red scale on the quiz's grid according to % correct below.
Israel🇮🇱
Israel🇮🇱
Jordanien🇯🇴
Libanon🇱🇧
Syrien🇸🇾
Ägypten🇪🇬
Türkei🇹🇷
Saudi-Arabien🇸🇦
Libyen🇱🇾
Irak🇮🇶
Iran🇮🇷
Äthiopien🇪🇹
Deutschland🇩🇪
Georgien🇬🇪
Aserbaidschan🇦🇿
Armenien🇦🇲
Russland🇷🇺
Kuwait🇰🇼
Europäische Union🇪🇺
Pakistan🇵🇰
 
Antwortstatistiken
Antwort % Korrekt
Jordanien🇯🇴
81%
Libanon🇱🇧
77%
Israel🇮🇱
73%
Syrien🇸🇾
69%
Israel🇮🇱
67%
Ägypten🇪🇬
63%
Keine übereinstimmenden Quizze gefunden
Verteilung der Resultate
Anzahl Personen mit jedem Resultat
Perzentil nach korrekt beantworteten Fragen
Ihre Resultats-Entwicklung
Sie haben dieses Quiz noch nicht gespielt